000 00706na a2200241 4500
001 16503
003 MIRAKIL
005 20181213154823.0
008 161007b tu 000 0
020 _a9752707777
040 _aMilas
_btur
_cTR-AnCHP
041 _atur
_agre
082 _a956.2211
_bA44k 2005
090 _a956.2211 A44k 2005
100 _aAkın, Berrin
245 _aKentli Ayvalık
_bto a'ı'baaλı h πoλh
_cBerrin Akın ; yunancadan çeviren Hakan Dinç
260 _aİstanbul
_b[yayl. y.]
_c2005
_fGraphis Matbaa
300 _a171 s.
_bres.
_c22x22 sm.
504 _aKaynakça var.
651 _aAyvalık (Balıkesir)
_xKılavuzlar
700 _aDinç, Hakan
942 _2dcc
_cBKS
999 _c1445
_d1445